000 00387nam a2200145Ia 4500
005 20251222153621.0
008 251222s9999||||xx |||||||||||||| ||spa||
020 _a978-607-8405-01-5
082 _a869.569.1/V32I
100 _aVargas llosa, Mario
245 0 _aLección de lectura
250 _a1a.ed.
264 _bSindicato Nacional de Trabajadores de la Educación,
942 _cLIB
999 _c31974
_d31974